| 000 | 01417nac a22002771u 4500 | ||
|---|---|---|---|
| 010 | _a 89063284 | ||
| 020 | _a0892563508 : | ||
| 020 | _a0029463165 | ||
| 082 | 0 | 0 |
_a338.476292220112 _bW87211 |
| 090 |
_c4206 _d4206 |
||
| 100 | _aWomack, James P. | ||
| 245 | 1 | 4 |
_aThe machine that changed the world : _bbased on the Massachusetts Institute of Technology 5-million dollar 5-year study on the future of the automobile / _cJames P. Womack, Daniel T. Jones, Daniel Roos. |
| 260 |
_aNew York : _bRawson Associates, _cc1990. |
||
| 300 |
_aviii, 323 p. : _bill. ; _c23 cm. |
||
| 504 | _aIncludes bibliographical references (p. 279-290) and index. | ||
| 650 | 0 |
_aAutomobile industry and trade _xForecasting. |
|
| 700 | 1 | _aJones, Daniel T. | |
| 700 | 1 | _aRoos, Daniel. | |
| 710 | 2 | _aMassachusetts Institute of Technology. | |
| 856 | 4 | 2 |
_3Contributor biographical information _uhttp://www.loc.gov/catdir/bios/simon051/89063284.html |
| 856 | 4 | 2 |
_3Publisher description _uhttp://www.loc.gov/catdir/description/simon052/89063284.html |
| 856 | 4 | 2 |
_3Table of contents only _uhttp://www.loc.gov/catdir/enhancements/fy0631/89063284-t.html |
| 856 | 4 | 2 |
_3Sample text _uhttp://www.loc.gov/catdir/enhancements/fy0641/89063284-s.html |
| 942 |
_cBB _k338.476292220112W87211 |
||
| 999 |
_c4206 _d4206 |
||